| 000 | 00852nam a2200289Ia 4500 | ||
|---|---|---|---|
| 001 | Para_2032 | ||
| 003 | CHAP | ||
| 008 | 220125s2000 xx 000 0 und d | ||
| 010 | _a200665 | ||
| 040 | _cCHAP | ||
| 082 | _aPA 632.93 A8 | ||
| 100 |
_aAtkin, John _98232 |
||
| 245 |
_aSafe and effective use of crop protection products in developing countries / _c by John Atkin and Klaus M. Leisinger |
||
| 260 |
_aOxon : _b CABI Publishing |
||
| 300 | _a163 p. | ||
| 650 |
_aAgricultura _x México _9138811 |
||
| 650 |
_aCultivos _x protección _930311 |
||
| 650 |
_aPesticidas _x efecto en plantas _987553 |
||
| 700 |
_aLeisinger, Klaus M. _965907 |
||
| 901 | _aPA 632.93 A8 | ||
| 902 | _aA | ||
| 905 | _a0000002000 n 0000000000 00 | ||
| 910 | _a2000 | ||
| 942 | _cPARA | ||
| 942 |
_cPARA _d1 |
||
| 999 |
_c200665 _d200665 |
||